| 000 | 00348 a2200157 4500 | ||
|---|---|---|---|
| 001 | 71159 | ||
| 020 | _a8573260858 | ||
| 040 | _cAnchieta - Colégio São Paulo | ||
| 100 | _aSommer-Bodemburg, Ângela | ||
| 240 | 1 | 0 |
_aChocolóvski _lpor |
| 245 | 1 | 0 | _aChocolóvski |
| 300 | _a127 | ||
| 362 | 0 | _a2001 | |
| 650 | 4 | _aLiteratura infantil | |
| 942 | _cBK | ||
| 999 |
_c71159 _d71159 |
||